Record Details

The sun and the wind

Mackinnon, Mairi (Author).

Record details

  • ISBN: 9780746091203
  • Physical Description: Paperback
  • Publisher: London Usborne 2007
Subject: Weather

Available copies

  • 10 of 10 copies available at Headquarters.
Location Call Number / Copy Notes Barcode Shelving Location Status Due Date
Frafraha Library 201 jFIC/MAC 000001618983 Childrens' Fiction Available -
Frafraha Library 201 jFIC/MAC 000001618990 Childrens' Fiction Available -
Frafraha Library 201 jFIC/MAC 000001619003 Childrens' Fiction Available -
Frafraha Library 201 jFIC/MAC 000001619010 Childrens' Fiction Available -
Frafraha Library 201 jFIC/MAC 000001619027 Childrens' Fiction Available -
Frafraha Library 201 jFIC/MAC 000001619034 Childrens' Fiction Available -
Frafraha Library 201 jFIC/MAC 000001619041 Childrens' Fiction Available -
Frafraha Library 201 jFIC/MAC 000001619058 Childrens' Fiction Available -
Frafraha Library 201 jFIC/MAC 000001619065 Childrens' Fiction Available -
Frafraha Library 201 jFIC/MAC 000001619072 Childrens' Fiction Available -

No reviews or recommendations are currently available.

Loading shelf browser…

LDR 00620cam a2200205Ka 4500
00179840
003HQ
00520210519130349.0
008070101s xxka br 1 eng d
020 . ‡a9780746091203
037 . ‡aGovernment Of Ghana
082 . ‡ajFIC/MAC
100 . ‡aMackinnon, Mairi
245 . ‡aThe sun and the wind
260 . ‡aLondon ‡bUsborne ‡c2007
300 . ‡aPaperback
650 . ‡aWeather
901 . ‡a79840 ‡bAUTOGEN ‡c79840 ‡tbiblio

Session Timeout

Your session will expire in minutes and seconds.

If you need more time, please click "Continue Session."

Session Ended

Your session has ended. Redirecting to the home page...